सावरकर विचारदर्शन (Record no. 370096)
[ view plain ]
| 000 -LEADER | |
|---|---|
| fixed length control field | 02665 a2200169 4500 |
| 003 - CONTROL NUMBER IDENTIFIER | |
| control field | OSt |
| 005 - DATE AND TIME OF LATEST TRANSACTION | |
| control field | 20260204121936.0 |
| 008 - FIXED-LENGTH DATA ELEMENTS--GENERAL INFORMATION | |
| fixed length control field | 260204b |||||||| |||| 00| 0 eng d |
| 020 ## - INTERNATIONAL STANDARD BOOK NUMBER | |
| International Standard Book Number | 9789391558048 |
| 100 ## - MAIN ENTRY--PERSONAL NAME | |
| Personal name | गोडबोले ए. |
| 9 (RLIN) | 216591 |
| 245 ## - TITLE STATEMENT | |
| Title | सावरकर विचारदर्शन |
| 260 ## - PUBLICATION, DISTRIBUTION, ETC. (IMPRINT) | |
| Name of publisher, distributor, etc. | भारतीय विचार साधना प्रकाशन |
| Date of publication, distribution, etc. | 1983 |
| Place of publication, distribution, etc. | पुणे |
| 300 ## - PHYSICAL DESCRIPTION | |
| Extent | 342pp. |
| 500 ## - GENERAL NOTE | |
| Keywords | हिंदुत्व की अवधारणा: सावरकर के अनुसार, हिंदुत्व केवल धर्म नहीं, बल्कि एक संस्कृति और राष्ट्रवाद का आधार है। इसमें सभी भारतीय मूल के धर्म शामिल हैं, जो पूरे भारतीय उपमहाद्वीप को एक 'हिंदू राष्ट्र' के रूप में देखते हैं।<br/>राष्ट्रवाद और सुरक्षा: सावरकर के विचारों में सशक्त राष्ट्र के लिए सैन्यीकरण और आधुनिक औद्योगिक तकनीक का महत्व निहित है।<br/>वैज्ञानिक दृष्टिकोण: वे अंधविश्वास के खिलाफ थे और देश की प्रगति के लिए तर्कसंगत (rational) सोच पर जोर देते थे।<br/>अखंड भारत: उनका मानना था कि भारत को भौगोलिक और सांस्कृतिक रूप से अखंड होना चाहिए। |
| 520 ## - SUMMARY, ETC. | |
| Summary, etc. | डॉ. अरविंद गोडबोले द्वारा लिखित मराठी पुस्तक "सावरकर विचार दर्शन" (1983) स्वातंत्र्यवीर सावरकर के राजनीतिक, सामाजिक और राष्ट्रवादी विचारों का गहन विश्लेषण करती है। यह पुस्तक सावरकर की हिंदुत्व, अखंड भारत, वैज्ञानिक दृष्टिकोण और राष्ट्र की सुरक्षा संबंधी विचारधाराओं को समझने के लिए एक महत्वपूर्ण स्रोत है। |
| 942 ## - ADDED ENTRY ELEMENTS (KOHA) | |
| Koha item type | Books |
| Source of classification or shelving scheme | Dewey Decimal Classification |
| Withdrawn status | Lost status | Source of classification or shelving scheme | Damaged status | Not for loan | Collection code | Home library | Current library | Date acquired | Vendor | Cost, normal purchase price | Total Checkouts | Barcode | Date last seen | Cost, replacement price | Bill Date | Koha item type | Original Barcode |
|---|---|---|---|---|---|---|---|---|---|---|---|---|---|---|---|---|---|
| Dewey Decimal Classification | MCA | MKSSS s K.B. Joshi Institute of Information Technology Library | MKSSS s K.B. Joshi Institute of Information Technology Library | 31/01/2026 | 188 | 210.00 | KBJP-BK-2956 | 31/01/2026 | 300.00 | 31/01/2026 | Books | 2956 |